DF (Запись № 3632955)

Подробности
000 -МАРКЕР
контрольное поле 01833nas1a22003611i 4500
001 - ИДЕНТИФИКАТОР ЗАПИСИ
контрольное поле RU\NLR\Per\673326
005 - ИДЕНТИФИКАТОР ВЕРСИИ
контрольное поле 20260426063108.0
011 ## - МЕЖДУНАРОДНЫЙ СТАНДАРТНЫЙ НОМЕР СЕРИАЛЬНОГО ИЗДАНИЯ (ISSN)
Номер (ISSN) 2078035-4
035 ## - ДРУГИЕ СИСТЕМНЫЕ НОМЕРА
Идентификатор записи (NLR Aleph) 002921849
100 ## - ДАННЫЕ ОБЩЕЙ ОБРАБОТКИ
Данные общей обработки 20100406a20109999|||y0rusy50 ba
101 0# - ЯЗЫК РЕСУРСА
Язык текста, звукозаписи и т.д. русский
102 ## - СТРАНА ПУБЛИКАЦИИ ИЛИ ПРОИЗВОДСТВА
Страна публикации Российская Федерация
110 ## - ПОЛЕ КОДИРОВАННЫХ ДАННЫХ: ПРОДОЛЖАЮЩИЕСЯ РЕСУРСЫ
Кодированные данные продолжающегося ресурса af|||||||||
200 1# - ЗАГЛАВИЕ И СВЕДЕНИЯ ОБ ОТВЕТСТВЕННОСТИ
Основное заглавие DF
Сведения, относящиеся к заглавию Debt factor
-- Долговой фактор
210 ## - ПУБЛИКАЦИЯ, РАСПРОСТРАНЕНИЕ И ДР.
Место издания, распространения и т.д. Москва
Имя издателя, распространителя и т. д. Долговой фактор
Дата издания, распространения и т.д. 2010 -
300 ## - ОБЩИЕ ПРИМЕЧАНИЯ
Текст примечания Ранее выходил в виде газ.
421 #0 - ПРИЛОЖЕНИЕ
Встроенное поле 2001#$aВестник судебных приставов
Заглавие Вестник судебных приставов
517 1# - ДРУГИЕ ВАРИАНТЫ ЗАГЛАВИЯ
Вариант заглавия Долговой фактор
532 12 - РАСШИРЕННОЕ ЗАГЛАВИЕ
Заглавие Debt factor
532 12 - РАСШИРЕННОЕ ЗАГЛАВИЕ
Заглавие Debts & financing
606 ## - НАИМЕНОВАНИЕ ТЕМЫ КАК ПРЕДМЕТ
Наименование темы Инвестиции капитала
Формальный подзаголовок Периодические издания
Идентификатор авторитетной/нормативной записи RU\NLR\AUTH\66985155
Системный номер авторитетной/нормативной записи 1565228
606 1# - НАИМЕНОВАНИЕ ТЕМЫ КАК ПРЕДМЕТ
Наименование темы Долги
Формальный подзаголовок Периодические издания
Системный номер авторитетной/нормативной записи 988156
Идентификатор авторитетной/нормативной записи RU\NLR\AUTH\66372882
686 1# - ИНДЕКСЫ ДРУГИХ КЛАССИФИКАЦИЙ
Индекс У9(2)-56(2Р)я54
686 1# - ИНДЕКСЫ ДРУГИХ КЛАССИФИКАЦИЙ
Индекс У26(2)8я54
852 ## - МЕСТОНАХОЖДЕНИЕ И ШИФР ХРАНЕНИЯ
Идентификатор организации NLR
Шифр хранения (Call Number) П23/7767
942 ## - ДОПОЛНИТЕЛЬНЫЕ ЭЛЕМЕНТЫ ЗАПИСИ (АБИС)
Тип экземпляра АБИС Журнал
980 ## - КОЛЛЕКЦИЯ
Название коллекции Русская периодика

Нет доступных экземпляров.